| 000 | 00965nam a22003017a 4500 | ||
|---|---|---|---|
| 003 | CHAP | ||
| 005 | 20220329140254.0 | ||
| 008 | 971013s1979 r 00010 d | ||
| 010 | _a49566 | ||
| 011 | _a50538 | ||
| 035 | _a54688 | ||
| 040 | _cCHAP | ||
| 090 | _aTesis | ||
| 100 | 0 | 0 |
_aTorres Guzmán, Jaime A. _9114127 |
| 245 | _aEstudio comparativo de tres sistemas de clasificación de suelos; americana, francesa y FAO-UNESCO | ||
| 260 |
_aChapingo, Méx. : _bEl autor, _c1979 |
||
| 300 |
_a197 h. _b: gráfs. |
||
| 502 | _aTesis (M. en C. Esp. en Suelos) -- CP | ||
| 590 |
_aALEPH _b10 _c20130110 _lUCH01 _h1322 |
||
| 590 |
_aBATCH-UPD _b10 _c20130110 _lUCH01 _h2022 |
||
| 590 |
_aBATCH-UPD _b10 _c20130410 _lUCH01 _h1340 |
||
| 590 |
_aBATCH-UPD _b10 _c20130914 _lUCH01 _h2037 |
||
| 590 |
_aCONVERSION _b10 _c20130109 _lUCH01 _h1327 |
||
| 650 | 1 | 4 |
_aSuelos _xClasificación. _9110239 |
| 901 | _aBK | ||
| 942 | _cTESIS | ||
| 949 |
_bBC _cTES _d-120511 _eTS1 _i54688 _si |
||
| 999 |
_c49566 _d49566 |
||